000 00261nam a22001097a 4500
008 240709b |||||||| |||| 00| 0 eng d
100 _aMamtoe, Aashnand
_916750
245 _aShairu
260 _aBombay:
_bLok Sewa Mandal;
_c1964.
300 _a155p.
942 _cBK
999 _c39879
_d39879